|
|
|
|
| LEADER |
00870nam a2200217 a 4500 |
| 001 |
GR-Patra19073 |
| 008 |
060313s2002 gr g 000 0 gre d |
| 040 |
|
|
|a GrPaTEI
|b gre
|c GR-PaULI
|
| 040 |
|
|
|a GrPaTEI
|b gre
|c GR-PaULI
|
| 082 |
|
0 |
|a 938.13
|2 21
|
| 110 |
2 |
|
|a Δήμος Μεγαρέων
|
| 245 |
1 |
3 |
|a Τα Μέγαρα της αρχαιότητας /
|c Δήμος Μεγαρέων.
|
| 260 |
|
|
|a Μέγαρα (Δήμος Μεγαρέων),
|c 2002
|
| 300 |
|
|
|a 42 σ. : εικ.
|
| 650 |
|
4 |
|a Ιστορία, Αρχαία
|
| 651 |
|
4 |
|a Μέγαρα
|
| 710 |
0 |
|
|a Δήμος Μεγαρέων
|
| 942 |
|
|
|2 ddc
|
| 952 |
|
|
|0 0
|1 0
|2 ddc
|4 0
|6 938_130000000000000_ΜΕΓ
|7 1
|9 299406
|a LISK
|b LISK
|c BSC
|d 2021-01-17
|e 24
|f 0
|g 0.00
|l 0
|o 938.13 ΜΕΓ
|p 92410021118
|r 2021-01-17 00:00:00
|t 1
|w 2021-01-17
|y BKN
|x 20060313 0 0
|x GrPaTEI
|
| 971 |
|
|
|a .b26665888
|b 08-10-20
|c 23-09-16
|
| 999 |
|
|
|c 174058
|d 174058
|